000 00314nam a22001217a 4500
008 250507b |||||||| |||| 00| 0 eng d
020 _a9789352691593
050 _aP90
_b.S56
100 _aSingh Sanoj
245 _aEmerging media in the new millenium
260 _aNew Delhi
_bRandem publications
_c2019
942 _cBK
999 _c3354
_d3354